<?xml version="1.0" encoding="UTF-8"?>
<record
    xmlns:xsi="http://www.w3.org/2001/XMLSchema-instance"
    xsi:schemaLocation="http://www.loc.gov/MARC21/slim http://www.loc.gov/standards/marcxml/schema/MARC21slim.xsd"
    xmlns="http://www.loc.gov/MARC21/slim">

  <leader>00325nam a2200109   4500</leader>
  <controlfield tag="008">240802b        |||||||| |||| 00| 0 eng d</controlfield>
  <datafield tag="040" ind1=" " ind2=" ">
    <subfield code="a">National Science Library</subfield>
    <subfield code="c">National Science Library</subfield>
  </datafield>
  <datafield tag="080" ind1=" " ind2=" ">
    <subfield code="a">633.88=60</subfield>
    <subfield code="b">G9</subfield>
  </datafield>
  <datafield tag="100" ind1=" " ind2=" ">
    <subfield code="a">Hoehne, F C</subfield>
  </datafield>
  <datafield tag="245" ind1=" " ind2=" ">
    <subfield code="a">Plantas e substancias vegetais toxicas e medicinais</subfield>
  </datafield>
  <datafield tag="942" ind1=" " ind2=" ">
    <subfield code="2">udc</subfield>
    <subfield code="c">BK</subfield>
  </datafield>
  <datafield tag="999" ind1=" " ind2=" ">
    <subfield code="c">65739</subfield>
    <subfield code="d">65739</subfield>
  </datafield>
  <datafield tag="952" ind1=" " ind2=" ">
    <subfield code="0">0</subfield>
    <subfield code="1">0</subfield>
    <subfield code="2">udc</subfield>
    <subfield code="4">0</subfield>
    <subfield code="6">6338860_G9</subfield>
    <subfield code="7">0</subfield>
    <subfield code="9">179047</subfield>
    <subfield code="a">NSL</subfield>
    <subfield code="b">NSL</subfield>
    <subfield code="c">SF/RK-B2/C-10/R-3</subfield>
    <subfield code="d">2004-08-09</subfield>
    <subfield code="l">0</subfield>
    <subfield code="o">633.88=60, G9</subfield>
    <subfield code="p">193682</subfield>
    <subfield code="r">2024-08-02 00:00:00</subfield>
    <subfield code="w">2004-08-09</subfield>
    <subfield code="y">BK</subfield>
  </datafield>
</record>
